[Event "Santiago de Cuba Province-ch final"]
[Site "Santiago de Cuba"]
[Date "2018.09.30"]
[Round "7"]
[White "Torres Martinez, Ernesto"]
[Black "Venzant Batista, Marcia Camila"]
[Result "0-1"]
[WhiteElo "1784"]
[BlackElo "1930"]
[PlyCount "72"]
[EventDate "2018.09.26"]
[EventType "swiss"]
[EventRounds "9"]
[EventCountry "CUB"]
[SourceTitle "EXT 2021"]
[Source "ChessBase"]
[SourceDate "2020.10.23"]
[SourceVersion "1"]
[SourceVersionDate "2020.10.23"]
[SourceQuality "1"]

1. e4 e6 2. d4 d5 3. exd5 exd5 4. Bd3 Bd6 5. c3 Nc6 6. Be3 Nge7 7. Ne2 Bg4 8. f3 Bf5 9. 0-0 Qd7 10. Qc2 0-0-0 11. Nd2 Rde8 12. Rfe1 f6 13. a4 g5 14. b4 Bxd3 15. Qxd3 Qf5 16. Qxf5+ Nxf5 17. Bf2 h5 18. Nf1 h4 19. a5 a6 20. Ra2 Rh7 21. Nc1 Rhe7 22. Rae2 Rxe2 23. Rxe2 Rxe2 24. Nxe2 b6 25. axb6 cxb6 26. g3 a5 27. bxa5 bxa5 28. Nd2 a4 29. c4 Bb4 30. cxd5 Bxd2 31. dxc6 a3 32. d5 a2 33. d6 a1Q+ 34. Kg2 h3+ 35. Kxh3 Qf1+ 36. Kg4 Qxf2 0-1

[Event "Moncada Cup-H"]
[Site "Santiago de Cuba"]
[Date "2018.03.26"]
[Round "9"]
[White "Torres Martinez, Ernesto"]
[Black "Cabrera Ramos, Brenda Milagros"]
[Result "1-0"]
[WhiteElo "1702"]
[BlackElo "1636"]
[PlyCount "63"]
[EventDate "2018.03.20"]
[EventType "tourn"]
[EventRounds "10"]
[EventCountry "CUB"]
[SourceTitle "EXT 2021"]
[Source "ChessBase"]
[SourceDate "2020.10.23"]
[SourceVersion "1"]
[SourceVersionDate "2020.10.23"]
[SourceQuality "1"]

1. e4 c5 2. Nf3 d6 3. d4 cxd4 4. Nxd4 Nf6 5. Nc3 g6 6. f3 Bg7 7. Be3 Bd7 8. Bc4 Nc6 9. 0-0 Rc8 10. Bb3 0-0 11. Qd2 Re8 12. Kh1 Kh8 13. Rac1 Kg8 14. a3 Na5 15. Ba2 Nc4 16. Bxc4 Rxc4 17. Qd3 Rc8 18. Rfe1 a6 19. Qd2 Rc4 20. Nde2 Qa5 21. Qd3 Rec8 22. Bd2 Qh5 23. Nf4 Qe5 24. Nfd5 Nxd5 25. Nxd5 R4c6 26. f4 Qe6 27. f5 Qe5 28. Bc3 Rxc3 29. Nxc3 Bc6 30. Rb1 Bh6 31. Qh3 Qg7 32. f6 1-0

[Event "Moncada Cup-H"]
[Site "Santiago de Cuba"]
[Date "2018.03.25"]
[Round "8"]
[White "Torres Martinez, Ernesto"]
[Black "Rodriguez Ruiz, Jose Manuel"]
[Result "1/2-1/2"]
[WhiteElo "1702"]
[BlackElo "1824"]
[PlyCount "110"]
[EventDate "2018.03.20"]
[EventType "tourn"]
[EventRounds "10"]
[EventCountry "CUB"]
[SourceTitle "EXT 2021"]
[Source "ChessBase"]
[SourceDate "2020.10.23"]
[SourceVersion "1"]
[SourceVersionDate "2020.10.23"]
[SourceQuality "1"]

1. e4 e5 2. Nc3 Nf6 3. Bc4 Bc5 4. d3 d6 5. h3 Nc6 6. Nf3 h6 7. 0-0 0-0 8. Be3 Bb6 9. Qd2 Nd4 10. Bxd4 exd4 11. Ne2 c5 12. Nf4 Nd7 13. Ng6 Re8 14. Qf4 Qf6 15. Qxf6 gxf6 16. Nf4 Ne5 17. Nxe5 dxe5 18. Nh5 Bd8 19. f4 Be6 20. Bxe6 Rxe6 21. fxe5 fxe5 22. Rf5 Rc8 23. Raf1 Rc7 24. Nf6+ Bxf6 25. Rxf6 Rxf6 26. Rxf6 Kg7 27. Rf5 f6 28. g4 b5 29. Kf1 b4 30. Ke1 Rc6 31. b3 Ra6 32. Kd2 Rxa2 33. h4 a5 34. g5 hxg5 35. hxg5 a4 36. gxf6+ Kf7 37. bxa4 b3 38. Kc1 Rxc2+ 39. Kb1 c4 40. dxc4 d3 41. Rf1 Rxc4 42. Kb2 Rxa4 43. Kxb3 Rxe4 44. Kc3 Rd4 45. Rd1 Kxf6 46. Rxd3 Rxd3+ 47. Kxd3 Kf5 48. Ke3 Kg6 49. Ke4 Kf6 50. Ke3 Ke7 51. Ke4 Kd6 52. Ke3 Kd5 53. Kd3 Kc6 54. Ke4 Kd6 55. Ke3 Kd5 1/2-1/2

[Event "Moncada Cup-H"]
[Site "Santiago de Cuba"]
[Date "2018.03.24"]
[Round "7"]
[White "Tamame Soria, Cesar Manuel"]
[Black "Torres Martinez, Ernesto"]
[Result "1-0"]
[WhiteElo "1846"]
[BlackElo "1702"]
[PlyCount "57"]
[EventDate "2018.03.20"]
[EventType "tourn"]
[EventRounds "10"]
[EventCountry "CUB"]
[SourceTitle "EXT 2021"]
[Source "ChessBase"]
[SourceDate "2020.10.23"]
[SourceVersion "1"]
[SourceVersionDate "2020.10.23"]
[SourceQuality "1"]

1. d4 d6 2. Nf3 g6 3. Bf4 Bg7 4. e3 c5 5. c3 cxd4 6. cxd4 Nf6 7. h3 0-0 8. Be2 Nc6 9. Nc3 d5 10. 0-0 e6 11. Rc1 a6 12. a3 Bd7 13. b4 b5 14. Qb3 Qb6 15. Rb1 Rac8 16. a4 bxa4 17. Nxa4 Qb7 18. Nc5 Qb6 19. Ne5 Rfd8 20. Bg5 Be8 21. Nxc6 Bxc6 22. Bxa6 Ra8 23. b5 Bd7 24. Rfc1 h6 25. Bf4 Ne8 26. Nxd7 Rxd7 27. Ra1 Rda7 28. Rc6 Qd8 29. b6 1-0

[Event "Moncada Cup-H"]
[Site "Santiago de Cuba"]
[Date "2018.03.24"]
[Round "6"]
[White "Torres Martinez, Ernesto"]
[Black "Ruiz Gutierrez, Jose Manuel"]
[Result "1/2-1/2"]
[WhiteElo "1702"]
[BlackElo "1749"]
[PlyCount "91"]
[EventDate "2018.03.20"]
[EventType "tourn"]
[EventRounds "10"]
[EventCountry "CUB"]
[SourceTitle "EXT 2021"]
[Source "ChessBase"]
[SourceDate "2020.10.23"]
[SourceVersion "1"]
[SourceVersionDate "2020.10.23"]
[SourceQuality "1"]

1. e4 c5 2. Nf3 e6 3. d4 cxd4 4. Nxd4 a6 5. Nc3 Nc6 6. Bc4 Nf6 7. Bb3 Qc7 8. Be3 b5 9. f3 Bb7 10. 0-0 Rc8 11. Qd2 Nxd4 12. Bxd4 Bc5 13. Kh1 Bxd4 14. Qxd4 Qc5 15. Rfd1 Qxd4 16. Rxd4 Rc5 17. a4 Ke7 18. axb5 axb5 19. Ra7 Bc6 20. Ra5 Ra8 21. Rxa8 Bxa8 22. Rd1 g5 23. Ra1 Bc6 24. Ra5 h5 25. Ba4 Rxc3 26. bxc3 bxa4 27. Rxg5 d5 28. exd5 exd5 29. Re5+ Kd6 30. Re1 Kc5 31. Ra1 Kc4 32. Ra3 Ne8 33. Kg1 Nd6 34. Kf2 Kc5 35. Kg3 Nc4 36. Ra2 Ne3 37. Kh4 Nxg2+ 38. Kxh5 Kc4 39. h4 Kxc3 40. Kg5 d4 41. h5 Bxf3 42. Rxa4 Be4 43. h6 Ne3 44. Ra7 Kxc2 45. Rxf7 Kc3 46. h7 1/2-1/2

[Event "Moncada Cup-H"]
[Site "Santiago de Cuba"]
[Date "2018.03.20"]
[Round "1"]
[White "Ruiz Gutierrez, Jose Manuel"]
[Black "Torres Martinez, Ernesto"]
[Result "1/2-1/2"]
[WhiteElo "1749"]
[BlackElo "1702"]
[PlyCount "59"]
[EventDate "2018.03.20"]
[EventType "tourn"]
[EventRounds "10"]
[EventCountry "CUB"]
[SourceTitle "EXT 2021"]
[Source "ChessBase"]
[SourceDate "2020.10.23"]
[SourceVersion "1"]
[SourceVersionDate "2020.10.23"]
[SourceQuality "1"]

1. c4 d6 2. g3 g6 3. d4 e5 4. dxe5 dxe5 5. Qxd8+ Kxd8 6. Bg2 Bg7 7. Nc3 Ne7 8. e4 Be6 9. b3 Nbc6 10. Be3 a6 11. Nge2 Ke8 12. 0-0-0 f6 13. h3 Kf7 14. g4 Rad8 15. Nd5 Rd7 16. f4 f5 17. gxf5 gxf5 18. fxe5 Bxe5 19. Rhf1 b6 20. exf5 Bxf5 21. h4 Kg7 22. Bg5 Bg4 23. Rd2 Nxd5 24. cxd5 Ne7 25. Bf4 Bxf4 26. Nxf4 Rf8 27. Rdf2 Ng6 28. Nxg6 Rxf2 29. Rxf2 hxg6 30. Kb2 1/2-1/2

[Event "Ciudad Heroe op"]
[Site "Santiago de Cuba"]
[Date "2018.02.21"]
[Round "7"]
[White "Rodriguez Perez, Carlos"]
[Black "Torres Martinez, Ernesto"]
[Result "0-1"]
[WhiteElo "1887"]
[BlackElo "1702"]
[PlyCount "46"]
[EventDate "2018.02.15"]
[EventType "swiss"]
[EventRounds "7"]
[EventCountry "CUB"]
[SourceTitle "EXT 2021"]
[Source "ChessBase"]
[SourceDate "2020.10.23"]
[SourceVersion "1"]
[SourceVersionDate "2020.10.23"]
[SourceQuality "1"]

1. e4 g6 2. d4 Bg7 3. Nf3 d6 4. Be2 c6 5. Be3 Qb6 6. Qc1 c5 7. c3 e5 8. dxc5 dxc5 9. Nbd2 Qc7 10. Nf1 f6 11. Ng3 Ne7 12. Bc4 b6 13. Bh6 Bxh6 14. Qxh6 Na6 15. Qd2 Bb7 16. 0-0-0 Rd8 17. Qxd8+ Qxd8 18. Rxd8+ Kxd8 19. Rd1+ Kc7 20. Nd2 Nb8 21. f3 Nbc6 22. Kc2 Na5 23. Nb3 Nxc4 0-1